A short history of African philosophy (Record no. 3103)
[ view plain ]
| 000 -LEADER | |
|---|---|
| fixed length control field | 01567nam a22003254a 4500 |
| 082 04 - DEWEY DECIMAL CLASSIFICATION NUMBER | |
| Classification number | 199/.6 |
| 100 1# - MAIN ENTRY--AUTHOR NAME | |
| Personal name | Hallen, B. |
| 245 12 - TITLE STATEMENT | |
| Title | A short history of African philosophy |
| 260 ## - PUBLICATION, DISTRIBUTION, ETC. (IMPRINT) | |
| Place of publication | Bloomington : |
| Name of publisher | Indiana University Press, |
| Year of publication | c2002. |
| 300 ## - PHYSICAL DESCRIPTION | |
| Number of Pages | vii, 133 p. |
| 505 0# - FORMATTED CONTENTS NOTE | |
| Formatted contents note | The historical perspective -- Twentieth-century origins -- Rationality as culturally universal -- Rationality as culturally relative -- Ethnophilosophy and philosophical sagacity -- Phenomenology and hermeneutics -- Socialism and Marxism -- Philosophy and culture -- Histories, anthologies, introductions to African philosophy, journals, and Web sites. |
| 650 #0 - SUBJECT ADDED ENTRY--TOPICAL TERM | |
| Topical Term | Philosophy, African |
| 856 40 - ELECTRONIC LOCATION AND ACCESS | |
| Uniform Resource Identifier | http://site.ebrary.com/lib/rucke/Doc?id=10002919 |
No items available.
